Reprezentacje dla których występują piłkarze Ekstraklasy - Statystyki

Ogólne statystyki
  • Ten quiz został rozwiązany 58 razy
  • Średni wynik to 47 z 65
Statystyki odpowiedzi
Federacja Ilość Państwo Zawodnik % Poprawnych
UEFA 11 Słowacja Samuel Kozlovský
98%
UEFA 5 Czechy Patrik Hellebrand
96%
UEFA 5 Norwegia Jonatan Braut Brunes
96%
UEFA 13 Portugalia Rúben Vinagre
96%
UEFA 7 Słowenia Petar Stojanović
96%
UEFA 10 Szwecja Alex Douglas
96%
UEFA 31 Hiszpania Pablo Rodriguez
94%
UEFA 4 Dania Mileta Rajović
92%
UEFA 6 Niemcy Noah Weißhaupt
92%
UEFA 11 Ukraina Vladyslav Kochergin
92%
UEFA 9 Grecja Stratos Svarnas
90%
UEFA 13 Chorwacja Mauro Perkovic
88%
UEFA 3 Rumunia Bogdan Racovițan
88%
UEFA 5 Serbia Veljko Ilic
88%
UEFA 3 Bułgaria Viktor Popov
86%
UEFA 1 Estonia Märten Kuusk
86%
UEFA 1 Finlandia Daniel Håkans
86%
AFC 3 Japonia Yuki Kobayashi
86%
UEFA 4 Kosowo Ermal Krasniqi
86%
UEFA 2 Białoruś Ilya Shkurin
84%
CONMEBOL 9 Brazylia Léo Borges
84%
UEFA 2 Islandia Davíd Ólafsson
84%
UEFA 1 Łotwa Alvis Jaunzems
84%
UEFA 2 Węgry Péter Baráth
84%
UEFA 2 Anglia Sam Greenwood
82%
UEFA 2 Holandia Jesse Bosch
82%
UEFA 5 Szwajcaria Andi Zeqiri
82%
UEFA 6 Bośnia i Hercegowina Imad Rondic
80%
UEFA 4 Gruzja Otar Kakabadze
80%
CONMEBOL 3 Kolumbia Juergen Elitim
80%
UEFA 3 Belgia Martin Remacle
78%
UEFA 11 Francja Brahim Traoré
78%
CAF 2 Angola Capita
76%
UEFA 2 Albania Lindon Selahi
75%
CONMEBOL 1 Argentyna Lucas Masoero
75%
UEFA 1 Armenia Vahan Bichakhchyan
75%
UEFA 1 Austria Dijon Kameri
75%
UEFA 2 Czarnogóra Slobodan Rubezic
75%
AFC 1 Korea Południowa Young-jun Goh
75%
CONCACAF 3 Stany Zjednoczone Leon Flach
75%
AFC 1 Iran Ali Gholizadeh
73%
CAF 2 Kamerun Jean-Pierre Nsame
73%
CAF 4 Nigeria Samuel Akere
73%
CAF 4 Senegal Pape Meïssa Ba
71%
CONCACAF 2 Kanada Antoni Klukowski
69%
UEFA 1 Azerbejdżan Renat Dadashov
67%
CAF 3 Demokratyczna Republika Konga Afimico Pululu
67%
CONCACAF 1 Honduras Luis Palma
67%
UEFA 3 Cypr Stelios Andreou
65%
AFC 1 Australia Deni Juric
63%
AFC 2 Irak Amir Al-Ammari
61%
OFC 1 Nowa Zelandia Alex Paulsen
57%
CAF 1 Ghana Ema Twumasi
55%
CAF 3 Wybrzeże Kości Słoniowej Yannick Agnero
51%
CAF 1 Gambia Musa Juwara
49%
CAF 1 Gwinea Ibrahima Camará
47%
CAF 2 Kenia Timothy Ouma
47%
CAF 1 Kongo Gabriel Charpentier
45%
UEFA 1 Wyspy Owcze Andrias Edmundsson
41%
CAF 1 Burkina Faso Abdoul Tapsoba
37%
CAF 1 Republika Zielonego Przylądka Vasco Lopes
37%
AFC 1 Zjednoczone Emiraty Arabskie Mohamed Awad Alla
37%
CAF 1 Gwinea Równikowa Iban Salvador
24%
CAF 1 Madagaskar Andy Pelmard
22%
CAF 2 Gwinea Bissau Leon Sanca
18%
Nie znaleziono quizów pasujących do podanych kryteriów
Rozkład punktacji
Procent ludzi z każdym wynikiem
Percentyl według liczby udzielonych odpowiedzi
Twoja historia wyników
Nie rozwiązałeś tego quizu